书目信息 |
| 题名: |
尤利西斯
|
|
| 作者: | 乔伊斯 著 ;刘象愚 译 | |
| 分册: | 下 | |
| 出版信息: | 上海 上海译文出版社 2021.06 |
|
| 页数: | 625-1246页 | |
| 开本: | 21cm | |
| 丛书名: | 乔伊斯文集 | |
| 单 册: | ||
| 中图分类: | I562.45 | |
| 科图分类: | ||
| 主题词: | 长篇小说--chang pian xiao shuo--爱尔兰--现代 | |
| 电子资源: | ||
| ISBN: | 978-7-5327-8558-2 | |
| 000 | 01575nam 2200313 450 | |
| 001 | 012021045621 | |
| 005 | 20211025120159.0 | |
| 010 | @a978-7-5327-8558-2@b精装@dCNY149.00 | |
| 100 | @a20210809d2021 em y0chiy50 ea | |
| 101 | 1 | @achi@ceng |
| 102 | @aCN@b310000 | |
| 105 | @aa a 000ay | |
| 106 | @ar | |
| 200 | 1 | @a尤利西斯@Ayou li xi si@h下@d= Ulysses@f(爱尔兰) 詹姆斯·乔伊斯著@g刘象愚译@zeng |
| 210 | @a上海@c上海译文出版社@d2021.06 | |
| 215 | @a625-1246页@c图@d21cm | |
| 225 | 2 | @a乔伊斯文集@Aqiao yi si wen ji |
| 305 | @a据1961年兰登书屋版, 并参照1986年兰登书屋版和1993年牛津大学版译出 | |
| 314 | @a詹姆斯·乔伊斯, 爱尔兰小说家, 生于都柏林。父亲是税吏。乔伊斯从小受天主教教育, 曾在都柏林大学学习哲学和语言, 也曾在巴黎学医。他除短暂时间住在爱尔兰外, 大部分时间在瑞士、意大利和法国度过。1920年定居巴黎, 专门从事小说创作。詹姆斯·乔伊斯是二十世纪最伟大的作家之一, 他的作品及“意识流”思想对全世界产生了巨大的影响。除《青年艺术家的画像》《尤利西斯》和《芬尼根守夜人》三部长篇外, 还有短篇小说集《都柏林人》及大量诗作、随笔和剧本。 | |
| 320 | @a有书目 | |
| 330 | @a威严、壮硕的雄鹿莫里根从楼梯顶端出来, 拿着一只盛肥皂沫的碗, 碗上面交叉地放着一面镜子和一把剃须刀。一件没有系腰带的黄色睡袍拖在身后, 在柔和的晨风中轻轻飘起…… | |
| 410 | 0 | @12001 @a乔伊斯文集 |
| 500 | 10 | @aUlysses@mChinese |
| 606 | 0 | @a长篇小说@Achang pian xiao shuo@y爱尔兰@z现代 |
| 690 | @aI562.45@v5 | |
| 701 | 1 | @a乔伊斯@Aqiao yi si@g(Joyce, James),@f1882-1941@4著 |
| 702 | 0 | @a刘象愚@Aliu xiang yu@4译 |
| 801 | 0 | @aCN@c20210909 |
| 905 | @a河南城建学院图书馆@dI562.45@eQ343:2 | |
| 尤利西斯.下= Ulysses/(爱尔兰) 詹姆斯·乔伊斯著/刘象愚译.-上海:上海译文出版社,2021.06 |
| 625-1246页:图;21cm.-(乔伊斯文集) |
| ISBN 978-7-5327-8558-2(精装):CNY149.00 |
| 威严、壮硕的雄鹿莫里根从楼梯顶端出来, 拿着一只盛肥皂沫的碗, 碗上面交叉地放着一面镜子和一把剃须刀。一件没有系腰带的黄色睡袍拖在身后, 在柔和的晨风中轻轻飘起…… |
| ● |
| 相关链接 |
|
|
|
正题名:尤利西斯
索取号:I562.45/Q343:2
 
预约/预借
| 序号 | 登录号 | 条形码 | 馆藏地/架位号 | 状态 | 备注 |
| 1 | 1545718 | 215457182 | 文学库116/116文学库 22排4列6层/ [索取号:I562.45/Q343:2] | 在馆 |